000 00550nam a22001697a 4500
005 20231121110858.0
008 231121b |||||||| |||| 00| 0 eng d
020 _a9789994552382
041 _aEnglish
082 _a342.8 NAM
100 _aNamandje, S
_lEnglish
245 _aThe Law on Privacy and the Rationality Standard in Namibia /
_cS Namandje
260 _aPretoria :
_bWize Books Distribution (Pty) Ltd,
_c2021
300 _bxiii, 144 pages ;
_c25 cm.
650 _aLegal practice
_bLaw
942 _cBK
_6ALISON_BN_VRIES
999 _c836
_d836